Corso di Diritto Costituzionale / (Record no. 161312)

MARC details
000 -LEADER
campo de control de longitud fija 00671nam a22001815i 4500
001 - NÚMERO DE CONTROL
campo de control 161312
003 - IDENTIFICADOR DE NÚMERO DE CONTROL
campo de control ES-MaACL
005 - FECHA Y HORA DE LA ÚLTIMA TRANSACCIÓN
campo de control 20230906212243.0
008 - DATOS DE LONGITUD FIJA--INFORMACIÓN GENERAL
campo de control de longitud fija 041018m18831885it |||| | ita d
040 ## - FUENTE DE CATALOGACIÓN
Centro catalogador/agencia de origen CAM
Lengua de catalogación spa
Centro/agencia transcriptor CAM
100 1# - ENTRADA PRINCIPAL--NOMBRE DE PERSONA
Nombre de persona Palma, Luigi.
9 (RLIN) 130800
245 10 - MENCIÓN DEL TÍTULO
Título Corso di Diritto Costituzionale /
Mención de responsabilidad, etc. di Luigi Palma.
250 ## - MENCION DE EDICION
Mención de edición 3ª ed. riv. e aum.
260 ## - PUBLICACIÓN, DISTRIBUCIÓN, ETC.
Lugar de publicación, distribución, etc. Firenze :
Nombre del editor, distribuidor, etc. Giuseppe Pellas,
Fecha de publicación, distribución, etc. 1833-1885.
300 ## - DESCRIPCIÓN FÍSICA
Extensión 3 v. (389; 624; 395 p.) ;
Dimensiones 22 cm.
505 8# - NOTA DE CONTENIDO CON FORMATO
Nota de contenido con formato Contiene: Volumen I: Introduzione. Volumen II: Dell'Ordinamento dei Poteri Pubblici. Volumen III: Dell'Ordinamento delle Libertà
852 ## - LOCALIZACIÓN
Ubicación ES-MaACL
Número de control de estantería F-11110-12
Nota libre -- Enc. pasta española
Holdings
Estatus retirado Estado de pérdida Estado de daño No para préstamo Colección Biblioteca de origen Biblioteca actual Ubicación en estantería Fecha de adquisición Total de préstamos Signatura topográfica completa Código de barras Visto por última vez Precio de reemplazo Tipo de ítem Koha
        Libros del s. XIX Biblioteca del Ateneo de Madrid Biblioteca del Ateneo de Madrid Sala Pecera Planta 2 17/01/2008   F-11110-12 1168963 23/02/2023 23/02/2023 Libro impreso antiguo